000 01065nam a2200229 a 4500
001 52773
003 BD-RjUL
005 20211209075846.0
008 160926s1970 bg ||||| |||| 00| 0 ben d
035 _a(BD-RjUL)52893
040 _aBD-RjUL
_bben
_cBD-RjUL
_dBD-RjUL
041 _aben
082 _223
_a330.09
_bHEA 1970
100 _aহেল্‌ব্রোনার, রবার্ট এল
_9157810
245 1 0 _aআর্থনীতিক দর্শনের ইতিবৃত্ত /
_cমূল : রবার্ট এল হেল্‌ব্রোনার ,অনুবাদ : আধ্যাপক মমতাজুদ্দীন আহমদ,
260 _aঢাকা :
_bচয়নিকা প্রকাশনী,
_c১৯৭০.
300 _a৪৪৮ পৃ. ;
_c২৩ সেমি.
650 _aঅর্থনীতি
_vইতিহাস
_9135065
650 _aEconomics
_vHistory
_9135066
700 _aআহমদ, আধ্যাপক মমতাজুদ্দীন : অনুবাদ
_9157811
942 _2ddc
_cBK
999 _c52773
_d52773